01158nam a22002417a 450000500170000000800410001702000180005804000070007604100080008308200230009110000270011424500750014125000120021626000410022830000310026936500620030052002820036265000820064470000250072694200120075199900190076395201340078220250409124600.0250218b ||||| |||| 00| 0 eng d a9780367242275 cAL aeng 223a418.0071bTRUI aPeter Trudgill9200981 aInternational englishb: a guide to the varieties of standard english  a5th ed. aLondonbRoutledge Publicationsc2019 axv,160p.bPBc22.7x15.3cm. 2Generala6384b₹796.00c₹d₹995.00e20%f06-02-2025 aStandard English in the world; English, Australian, South African and Welsh English; The Pronunciation of north American English; English and North American English; Scottish and Irish English; West Indian English; Lasser known Englishers; Second language varieties of English. 2Education Research Related TopicsaEducation Second Language teaching9200982 aHannah, Jean9200983 2ddccBK c233837d233837 00102ddc40708MAENGaSACPGbSACPGd2025-02-08f796.00l0o418.0071 TRUIpPG024822r2025-02-18 00:00:00v995.00w2025-02-18yBK